Anuario del Observatorio Astronómico Nacional de Tacubaya (Record no. 6217)

MARC details
000 -CABECERA
campo de control de longitud fija 00832nam a2200241 a 4500
001 - NÚMERO DE CONTROL
campo de control BRCA_6533
005 - FECHA Y HORA DE LA ÚLTIMA TRANSACCIÓN
campo de control 20190320205508.0
008 - DATOS DE LONGITUD FIJA--INFORMACIÓN GENERAL
campo de control de longitud fija 290911s1914----mx-#######---#000-0#spa-#
041 ## - CÓDIGO DE LENGUA
Código de lengua del texto/banda sonora o título independiente spa
044 ## - CÓDIGO DEL PAÍS DE LA ENTIDAD EDITORA/PRODUCTORA
Código MARC del país mx
050 #4 - SIGNATURA TOPOGRÁFICA DE LA BIBLIOTECA DEL CONGRESO
Número de clasificación QB82
Número de documento/Ítem .M6 O38 3
-- 1914
245 10 - MENCIÓN DE TÍTULO
Título Anuario del Observatorio Astronómico Nacional de Tacubaya
Resto del título para el año de 1915
Mención de responsabilidad, etc. formado bajo la dirección del Ingeniero Valentin Gama.
260 ## - PUBLICACIÓN, DISTRIBUCIÓN, ETC.
Lugar de publicación, distribución, etc. México
Nombre del editor, distribuidor, etc. Imprenta y fototipia Secretaría de Fomento
Fecha de publicación, distribución, etc. 1914
300 ## - DESCRIPCIÓN FÍSICA
Extensión 2 v.
Dimensiones 18 cm.
500 ## - NOTA GENERAL
Nota general Estado físico: ambos volúmenes deteriorados
500 ## - NOTA GENERAL
Nota general Ver también: CFG67, CGF68, L170 y L213
500 ## - NOTA GENERAL
Nota general L70
610 24 - PUNTO DE ACCESO ADICIONAL DE MATERIA--NOMBRE DE ENTIDAD CORPORATIVA
Nombre de entidad corporativa o nombre de jurisdicción como elemento de entrada Observatorio Astronómico Nacional (Tacubaya, D.F.)
9 (RLIN) 16309
650 14 - PUNTO DE ACCESO ADICIONAL DE MATERIA--TÉRMINO DE MATERIA
Término de materia o nombre geográfico como elemento de entrada Astronomía
Subdivisión de forma Anuarios
9 (RLIN) 16310
700 1# - PUNTO DE ACCESO ADICIONAL--NOMBRE DE PERSONA
Nombre de persona Gama, Valentín
9 (RLIN) 16311
902 ## - CATALOGADOR
Iniciales GFM
942 ## - ELEMENTOS DE PUNTO DE ACCESO ADICIONAL (KOHA)
Fuente del sistema de clasificación o colocación Library of Congress Classification
Tipo de ítem Koha Libros
Holdings
Estado de retiro Estado de pérdida Estado dañado No para préstamo Localización permanente Ubicación/localización actual Fecha de adquisición Número de inventario Total de préstamos Signatura topográfica completa Código de barras Fecha visto por última vez Precio válido a partir de Tipo de ítem Koha
El ejemplar forma parte de la colección y puede ser consultado según las políticas vigentes.       Biblioteca del Museo Franz Mayer (Rogerio Casas-Alatriste) Biblioteca del Museo Franz Mayer (Rogerio Casas-Alatriste) 29/09/2011 L70   QB82 .M6 O38 3 1914 (L70) 6980 22/03/2019 22/03/2019 Libros